000 00384nam a2200133 i 4500
001 bg
245 0 _aO koneksji liniowej, biwektorowej i postaciach kanonicznych tensora krzywizowego /
_c[red. nauk. Herbert Lupa].
260 _aSzczecin,
_c1974.
700 1 _aLUPA, Herbert.
_eRed. nauk
040 _cBPK
041 _apol
942 _cKS
008 s pl f |000 0 pol
999 _c26416
_d26416
856 _uhttp://koha.tu.koszalin.pl/cgi-bin/koha/opac-detail.pl?biblionumber=26416
_yKatalog online BPK